Click the Talking Heads Song Title Ending - Statistics

General Stats
  • This quiz has been taken 212 times
    165 since last reset
  • The average score is 17 of 20
Answer Stats
Hint Answer % Correct
Psycho Killer
98%
Burning Down the House
97%
Once in a Lifetime
96%
Road to Nowhere
95%
Making Flippy Floppy
93%
The Book I Read
93%
Life During Wartime
93%
And She Was
93%
Warning Sign
91%
This Must Be the Place
90%
Take Me to the River
88%
Uh-Oh, Love Comes to Town
85%
Crosseyed and Painless
84%
Found a Job
83%
Radio Head
71%
The Big Country
70%
(Nothing But) Flowers
70%
I Zimbra
68%
Wild Wild Life
64%
Born Under Punches
57%
No matching quizzes found
Score Distribution
Percent of People with Each Score
Percentile by Number Answered
Your Score History
You have not taken this quiz since the last reset